|
|
|
|
| LEADER |
02086nam a2200481 i 4500 |
| 001 |
EBC1349079 |
| 003 |
MiAaPQ |
| 005 |
20200520144314.0 |
| 006 |
m o d | |
| 007 |
cr cnu|||||||| |
| 008 |
140628t20062006gw o 001 0 ger d |
| 020 |
|
|
|z 9783486579932
|
| 020 |
|
|
|a 9783486594706 (e-book)
|
| 035 |
|
|
|a (MiAaPQ)EBC1349079
|
| 035 |
|
|
|a (Au-PeEL)EBL1349079
|
| 035 |
|
|
|a (CaPaEBR)ebr10886480
|
| 035 |
|
|
|a (CaONFJC)MIL609481
|
| 035 |
|
|
|a (OCoLC)879550785
|
| 040 |
|
|
|a MiAaPQ
|b eng
|e rda
|e pn
|c MiAaPQ
|d MiAaPQ
|
| 043 |
|
|
|a e-gx---
|a e-gw---
|a e-ur---
|
| 050 |
|
4 |
|a DD881
|b .W478 2006
|
| 082 |
0 |
|
|a 943.155087
|2 23
|
| 100 |
1 |
|
|a Wettig, Gerhard,
|e author.
|
| 245 |
1 |
0 |
|a Chruschtschows Berlin-Krise 1958 bis 1963 :
|b Drohpolitik und Mauerbau /
|c Gerhard Wettig.
|
| 264 |
|
1 |
|a Munich, [Germany] :
|b R. Oldenbourg Verlag,
|c 2006.
|
| 264 |
|
4 |
|c 2006
|
| 300 |
|
|
|a 1 online resource (322 pages).
|
| 336 |
|
|
|a text
|2 rdacontent
|
| 337 |
|
|
|a computer
|2 rdamedia
|
| 338 |
|
|
|a online resource
|2 rdacarrier
|
| 490 |
1 |
|
|a Quellen und Darstellungen zur Zeitgeschichte ;
|v Band 67
|
| 500 |
|
|
|a Includes index.
|
| 588 |
|
|
|a Description based on print version record.
|
| 590 |
|
|
|a Electronic reproduction. Ann Arbor, MI : ProQuest, 2015. Available via World Wide Web. Access may be limited to ProQuest affiliated libraries.
|
| 600 |
1 |
0 |
|a Khrushchev, Nikita Sergeevich,
|d 1894-1971.
|
| 651 |
|
0 |
|a Berlin (Germany)
|x Politics and government
|y 1945-1990.
|
| 651 |
|
0 |
|a Germany (West)
|x Relations
|z Soviet Union.
|
| 651 |
|
0 |
|a Soviet Union
|x Relations
|z Germany (West)
|
| 655 |
|
4 |
|a Electronic books.
|
| 776 |
0 |
8 |
|i Print version:
|a Wettig, Gerhard.
|t Chruschtschows Berlin-Krise 1958 bis 1963 : Drohpolitik und Mauerbau.
|d Munich, [Germany] : R. Oldenbourg Verlag, c2006
|h x, 312 pages
|k Quellen und Darstellungen zur Zeitgeschichte ; Band 67.
|z 9783486579932
|w 2008422974
|
| 797 |
2 |
|
|a ProQuest (Firm)
|
| 830 |
|
0 |
|a Quellen und Darstellungen zur Zeitgeschichte ;
|v Band 67.
|
| 856 |
4 |
0 |
|u https://ebookcentral.proquest.com/lib/matrademy/detail.action?docID=1349079
|z Click to View
|